000 00416nam a22001697a 4500
003 OSt
005 20211007085853.0
008 211007b |||||||| |||| 00| 0 eng d
040 _cHAWASSA UNIVERSITY
050 _a574.1927/BRA
_b1
082 _a574.1927/BRA
_b1
100 _aBarrington E,J.W.
_911003
245 _aHORMONES AND EVOLUTION
260 _aLTD
_bLONDON
_c1964
300 _a153
942 _2ddc
_cBOOKS
_n0
999 _c10175
_d10175